000
00231 a2200097 4500
001
28212
100
_a
Johnson, J H
245
_a
Digital computation for chemical engineers
260
_a
_b
McGraw-Hill
_c
1962
090
_c
18842
_d
18842
942
_a
NUST-CAE
_c
M
_c
9827
999
_c
263285
_d
263285